Caste and power structure: a study of a Haryana village (Record no. 11319)

MARC details
000 -LEADER
fixed length control field 00435nam a2200157Ia 4500
082 ## - DEWEY DECIMAL CLASSIFICATION NUMBER
Classification number TC.0041
100 ## - MAIN ENTRY--AUTHOR NAME
Personal name Choudhary, Ram Krishan
245 #0 - TITLE STATEMENT
Title Caste and power structure: a study of a Haryana village
260 ## - PUBLICATION, DISTRIBUTION, ETC. (IMPRINT)
Year of publication 1986
Name of publisher Hari Singh Gaur Vishwavidyalaya
300 ## - PHYSICAL DESCRIPTION
Number of Pages 275
Accompanying material C D - 34
650 ## - SUBJECT ADDED ENTRY--TOPICAL TERM
Topical Term Villages
Geographic subdivision India
-- Haryana
650 ## - SUBJECT ADDED ENTRY--TOPICAL TERM
Topical Term Caste
Geographic subdivision India
-- Haryana
650 ## - SUBJECT ADDED ENTRY--TOPICAL TERM
Topical Term Jatwar village
710 ## - ADDED ENTRY--CORPORATE NAME
Corporate name or jurisdiction name as entry element Dube, S.C.
942 ## - ADDED ENTRY ELEMENTS (KOHA)
Koha item type Thesis
Source of classification or shelving scheme Dewey Decimal Classification
Holdings
Withdrawn status Lost status Damaged status Not for loan Home library Current library Date acquired Bill Date Full call number Accession Number Price effective from Koha item type
        NASSDOC Library NASSDOC Library 08/10/2004 2004-10-22 TC.0041 25047 18/04/2019 Thesis